| 000 | 00647nam a2200193Ia 4500 | ||
|---|---|---|---|
| 008 | 151121s9999||||xx |||||||||||||| ||und|| | ||
| 082 | _a833/जैन | ||
| 082 | _bHNW-22378 | ||
| 100 | _aजैन यादवचन्द्र | ||
| 245 | _aमल्ल-मल्लिका | ||
| 260 | _b"भारती साहित्य मंदिर, दिल्ली।" | ||
| 260 | _c-- | ||
| 300 | _a211 | ||
| 600 | _aजैन यादवचन्द्र | ||
| 630 | _aमल्ल-मल्लिका | ||
| 700 | _aजैन यादवचन्द्र | ||
| 730 | _aमल्ल-मल्लिका | ||
| 942 | _cBOOK | ||
| 999 |
_c1222013 _d1222010 |
||